Motorové čluny

Salvato in:
Dettagli Bibliografici
Autori principali: Štěpán, Jan (Autore), Hubert, Miroslav (Autore)
Natura: Libro
Lingua:ceco
Pubblicazione: Praha : SNTL, 1973
Soggetti:
Tags: Aggiungi Tag
Nessun Tag, puoi essere il primo ad aggiungerne!!

MARC

LEADER 00000nam a22000003a 4500
001 stu86749
005 20150617225629.7
008 040505s1973----cs------------------cze-d
040 |a STU  |b slo 
041 0 |a cze 
044 |a cs 
080 |a 629.526 
100 1 |a Štěpán, Jan  |4 aut 
245 1 |a Motorové čluny 
260 |a Praha :  |b SNTL,  |c 1973 
300 |a 275 s 
650 7 |a motorové člny  |2 stusub 
700 1 |a Hubert, Miroslav  |4 aut 
996 |b 284J020700  |c J*50593  |l JJSK  |s A  |a 24  |w stu86749_0001